| Tag |
First Indicator |
Second Indicator |
Subfields |
| LEADER |
00000cam a2200000 4500 |
| 001 |
in00000038718 |
| 005 |
20151007081234.0 |
| 008 |
740618s1962 eng u |
| 010 |
|
|
|a 62008265
|
| 035 |
|
|
|a (OCoLC)00920668
|
| 035 |
|
|
|9 AAF6084AM
|
| 040 |
|
|
|c CSU
|d TXA
|d UtOrBLW
|
| 049 |
|
|
|a TXAM
|c [349445]
|
| 050 |
0 |
0 |
|a B840
|b .T8
|
| 082 |
0 |
|
|a 149.94
|
| 092 |
|
|
|a 149.94
|b T931m
|
| 100 |
1 |
|
|a Turbayne, Colin Murray.
|
| 245 |
1 |
4 |
|a The myth of metaphor.
|
| 264 |
|
1 |
|a New Haven :
|b Yale University Press,
|c 1962.
|
| 300 |
|
|
|a 224 pages :
|b illustrations ;
|c 24 cm.
|
| 336 |
|
|
|a text
|b txt
|2 rdacontent
|
| 337 |
|
|
|a unmediated
|b n
|2 rdamedia
|
| 338 |
|
|
|a volume
|b nc
|2 rdacarrier
|
| 600 |
1 |
0 |
|a Descartes, René,
|d 1596-1650.
|
| 600 |
1 |
0 |
|a Newton, Isaac,
|d 1642-1727.
|
| 650 |
|
0 |
|a Semantics (Philosophy)
|
| 650 |
|
0 |
|a Science
|x Methodology.
|
| 999 |
|
|
|a MARS
|
| 999 |
f |
f |
|s 1f224976-a98d-3595-a47e-013b1f63f444
|i 5a3f0bd6-efd3-36cd-a692-baa449f1ed86
|t 0
|
| 952 |
f |
f |
|p normal
|a Texas A&M University
|b College Station
|c Sterling C. Evans Library
|d Evans: Library Stacks
|t 0
|e B840 .T8
|h Library of Congress classification
|i unmediated -- volume
|m A14800519917
|
| 998 |
f |
f |
|a B840 .T8
|t 0
|l Evans: Library Stacks
|